• 首页
  • 本馆介绍
  • 公告通知
  • 最新文献
  • 馆藏检索
  • 电子资源
  • 读者导购
  • 参考咨询
  • 我的图书馆
  • 登录
  • 详细信息显示
  • 放入我的书架
  • 预约/预借图书
  • 作者相关作品
  • 分类相关作品
  • 丛书相关作品
  • 出版社相关作品

书目信息

  • 表格格式
  • 工作单格式
  • 卡片格式
题名:
Visual Basic与SQL Server 2005数据库应用系统开发
    
 
作者: 徐军 , 杨丽君 主编
分册:  
出版信息: 北京   清华大学出版社  2015.2
页数: 13,297页
开本: 26cm
丛书名:
单 册:
中图分类: TP312VB-43 , TP311.132.3-43 , TP311.138SQ-43
科图分类:
主题词: Basic语言--程序设计--高等学校--教材 , 关系数据库--数据库管理系统,SQL Server 2005--高等学校--教材
电子资源:
ISBN: 978-7-302-38811-1
000 01197nam0 2200325 450
001 0400004106
005 20171023134447.0
010    @a978-7-302-38811-1@dCNY34.50
100    @a20171023e20172015em y0chiy ea
101 0  @achi
102    @aCN@b110000
105    @ay az 000yy
106    @ar
200 1  @aVisual Basic与SQL Server 2005数据库应用系统开发@9Visual Basic yu SQL Server 2005 shu ju ku ying yong xi tong kai fa@e大学实用案例驱动教程@f徐军,杨丽君主编
210    @a北京@c清华大学出版社@d2015.2@h2017.1
215    @a13,297页@d26cm
307    @a实际页数为:298
320    @a有书目(第298页)
330    @a本书以Visual Basic 6.O为程序设计基础,与SQL Server 2005数据库相结合,深入浅出地介绍了相关知识和应用
517 1  @a大学实用案例驱动教程@9da xue shi yong an li qu dong jiao cheng
606 0  @aBasic语言@x程序设计@x高等学校@j教材
606 0  @a关系数据库@x数据库管理系统,SQL Server 2005@x高等学校@j教材
610 0  @aSQL Server
690    @aTP312VB-43@v5
690    @aTP311.132.3-43@v5
690    @aTP311.138SQ-43@v5
701  0 @a徐军@9xu jun@4主编
701  0 @a杨丽君@9Yang Li Jun@4主编
801  0 @aCN@b91MARC@c20171023
905    @b1036996-7000@dTP312VB-43@f5@e1210
    
    Visual Basic与SQL Server 2005数据库应用系统开发:大学实用案例驱动教程/徐军,杨丽君主编.-北京:清华大学出版社,2015.2(2017.1)
    13,297页;26cm
    
    
    ISBN 978-7-302-38811-1:CNY34.50
    本书以Visual Basic 6.O为程序设计基础,与SQL Server 2005数据库相结合,深入浅出地介绍了相关知识和应用
●
相关链接 在E读中查询图书 在五车中查询图书 在当当中查询图书 在豆瓣中查询图书


正题名:Visual Basic与SQL Server 2005数据库应用系统开发     索取号:TP312VB-43/1210         预约/预借

序号 登录号 条形码 馆藏地/架位号 状态 备注
1 1036996   210369965   第二样本阅览室/ [索取号:TP312VB-43/1210] 在馆    
2 1036997   210369974   密集书库—计算机科学学院/ [索取号:TP312VB-43/1210] 在馆    
3 1036998   210369983   第三借阅区/ [索取号:TP312VB-43/1210] 在馆    
4 1036999   210369992   第三借阅区/ [索取号:TP312VB-43/1210] 在馆    
5 1037000   210370007   第三借阅区/ [索取号:TP312VB-43/1210] 在馆    
唐山师范学院图书馆 欢迎您!
大连网信软件有限公司© 版权所有